FIFA 20 - Argenitinian Player Names - Statistics

General Stats
  • This quiz has been taken 204 times
  • The average score is 13 of 24
Answer Stats
Surname Name % Correct
Di Maria Angel
98%
Messi Lionel
97%
Maradona Diego
93%
Tevez Carlos
88%
Correa Angel
87%
Aguero Sergio
85%
Higuain Gonzalo
83%
Mascherano Javier
83%
Dybala Paulo
83%
Otamendi Nicolas
80%
Martinez Lautaro
79%
Icardi Mauro
79%
Crespo Hernan
76%
Zanetti Javier
76%
Valeri Diego
74%
Lamela Erik
74%
Lo Celso Giovanni
67%
Pastore Javier
67%
Perotti Diego
66%
Gaitan Nicolas
63%
Banega Ever
62%
Paredes Leandro
59%
Tagliafico Nicolas
59%
Biglia Lucas
57%
Lanzini Manuel
55%
Zarate Mauro
53%
Veron Juan Sebastian
52%
Foyth Juan
50%
Acuna Marcos
49%
Correa Joaquin
46%
Garay Ezequiel
45%
Dominguez Nicolas
44%
Riquelme Juan Roman
42%
Fazio Federico
37%
Ansaldi Cristian
31%
Musacchio Mateo
29%
Pavon Cristian
28%
Gomez Alejandro
27%
Torsiglieri Marco
26%
Perez Enzo
24%
Palacios Exequiel
22%
Lopez Lisandro
22%
Battaglia Rodrrigo
18%
Acosta Lucian
16%
Pereyra Roberto
16%
Salvio Eduardo
13%
Abraham David
10%
Bustos Fabricio
6%
Saravia Renzo
5%
Piatti Ignacio
3%
No matching quizzes found
Score Distribution
Percent of People with Each Score
Percentile by Number Answered
Your Score History
You have not taken this quiz